Land Development Department : Thailand (Record no. 120011)

MARC details
000 -LEADER
fixed length control field 00943cam a2200229 4500
001 - CONTROL NUMBER
control field WS117537
008 - FIXED-LENGTH DATA ELEMENTS--GENERAL INFORMATION
fixed length control field 020417n 000 0 eng u
035 ## - SYSTEM CONTROL NUMBER
System control number (Sirsi) u117537
110 ## - MAIN ENTRY--CORPORATE NAME
Corporate name or jurisdiction name as entry element Land Development Department : Thailand
9 (RLIN) 4217
245 ## - TITLE STATEMENT
Title Land Development Department : Thailand
520 ## - SUMMARY, ETC.
Summary, etc. Site for this Thai government department responsible for soil survey and classification, land use, planning, carrying out various aspects of land development and assisting farmers in soil improvement. Includes detailed statistics on agricultural land use in Thailand and access to the digital soil information system.
650 ## - SUBJECT ADDED ENTRY--TOPICAL TERM
Topical term or geographic name entry element THAILAND
650 ## - SUBJECT ADDED ENTRY--TOPICAL TERM
Topical term or geographic name entry element ASIA
650 ## - SUBJECT ADDED ENTRY--TOPICAL TERM
Topical term or geographic name entry element INTERNATIONAL
650 ## - SUBJECT ADDED ENTRY--TOPICAL TERM
Topical term or geographic name entry element SOIL
650 ## - SUBJECT ADDED ENTRY--TOPICAL TERM
Topical term or geographic name entry element Land use
9 (RLIN) 6251
650 ## - SUBJECT ADDED ENTRY--TOPICAL TERM
Topical term or geographic name entry element AGRICULTURE
650 ## - SUBJECT ADDED ENTRY--TOPICAL TERM
Topical term or geographic name entry element GOVERNMENT
690 ## - LOCAL SUBJECT ADDED ENTRY--TOPICAL TERM (OCLC, RLIN)
Topical term or geographic name as entry element RURAL
9 (RLIN) 6268
856 40 - ELECTRONIC LOCATION AND ACCESS
Uniform Resource Identifier <a href="https://www.ldd.go.th/frame_eng.htm">https://www.ldd.go.th/frame_eng.htm</a>
Public note View the website free of charge at www.ldd.go.th...
942 ## - ADDED ENTRY ELEMENTS (KOHA)
Suppress in OPAC 0
Holdings
Withdrawn status Lost status Source of classification or shelving scheme Damaged status Not for loan Home library Current library Shelving location Date acquired Total Checkouts Full call number Barcode Date last seen Copy number Price effective from Koha item type
    Dewey Decimal Classification     Virtual Virtual Online 17/04/2002   WEB SITE 117537-2001 06/08/2019 1 06/08/2019 Online material